000
00232nam a22000977a 4500
008
170120b xxu||||| |||| 00| 0 eng d
041
_a
eng
080
_2
1ST
_a
618.2
245
_a
NCLEX-RN/ CONTENT REVIEW GUIDE
_c
KAPLAN
942
_2
udc
_c
BK
999
_c
3329
_d
3329